01466nam a2200337 a 4500001001000000003000500010005001700015008004100032010001100073011001100084040000900095090001000104100004200114245018100156260004100337500006000378502010500438590004100543590004000584590004000624650005800664650005900722650004100781650008000822856007000902901000700972942001000979942000600989999001900995952011401014000115791CHAP20220329144548.0190705s2019 mx | |sm |||||||spa d a112252 a113224 cCHAP aTesis1 aHernández Tenorio, Jessica.913640010aImportancia de la participación y prácticas de las mujeres en el desarrollo de dos comunidades en la zana serrana de Texcocoh[En línea]cpor Jessica Hernández Tenorio. aChapingo, Méx. :bEl autor,c2019. aPara ver el contenido del material haga clic en la liga aTesis (M. C. en Desarrollo Rural Regional) -- UACH. Dirección de Centros Regionales Universitarios aBATCH-UPDb05c20190705lUCH01h1229 aE6337LMJb05c20190705lUCH01h1228 aE6337LMJb05c20190705lUCH01h122914aComunidades ruralesxProgramas de desarrollo.913298914aComunidades ruralesxVida social y costumbres.913230214aMujer en comunidades rurales.97936014aSanta Catarina del Monte, Texcoco, MéxxCondiciones económicas.9102252 aFinding aiduhttp://10.13.5.2/tesis/sist115791.pdfzTeclea aquí aBK cTESIS n0 c112252d112252 00102local40718TESISaBCbBCd2019-07-05fTESISl0oTesisp115802-10r2019-12-31 00:00:00w2019-07-05yCD